000 00975cam a2200193 a 4500
999 _c6480
_d6480
020 _a0070094845
022 _a9780070094840
050 0 0 _aPE1417
_b.B855
100 1 _aBuscemi, Santi V.(ed.)
245 1 2 _aA reader for developing writers /
_cSanti V. Buscemi.
250 _a3rd ed.
260 _aNew York :
_bMcGraw-Hill,
_c1996.
300 _axxviii, 579 p. ;
_c24 cm.
500 _aIncludes index.
505 _aThe central idea -- Unity and coherence -- Development -- Introductions and conclusions -- Word choice: Using concrete, specific and vivid language -- Word choice: Using figurative language -- Sentence structure: Creating emphasis and variety -- Describing places and things -- Describing people -- Personal reflection and autobiography -- Reporting events -- The short story -- Illustration -- Comparison and contrast -- Process analysis -- Persuasion.
650 0 _aCollege readers.
650 0 _aEnglish language
_xRhetoric.
942 _cBK